Gares du Cher - Statistiques

Statistiques générales
  • Ce quiz a été pris 60 fois
  • Le résultat moyen est 6 sur 17
Statistiques - réponses
Nombre de voyageurs Gares % Correct
1 227 943 Bourges
100%
1 300 450 Vierzon
97%
4 886 Vierzon Forges
76%
67 241 Saint Amand Montrond - Orval
69%
92 551 Mehun sur Yèvre
38%
11 154 Saint Florent sur Cher
38%
69 482 Avord
31%
13 957 Chateauneuf sur Cher
24%
43 456 La Guerche sur l'Aubois
24%
7 874 Marmagne
24%
33 743 Nérondes
21%
1 076 Urçay
21%
29 517 Bengy sur Craon
17%
219 Bigny
17%
29 631 Foëcy
17%
8 305 Saint Germain du Puy
17%
657 Lunery
14%
Aucun quiz correspondant
Distribution des résultats
% des personnes avec chaque résultat
Percentile par nombre de réponses
Votre historique - résultats
Vous n’avez pas pris ce quiz